Представление документа в формате RUSMARC

ПолеНазваниеЗначение
  Тип записи a
  Библиографический уровень m
001 Контрольный номер RU/CBS_UL/BASE/656683696
005 Дата корректировки 20240209174930.7
010 Индекс ISBN __
a ISBN
b Уточнения в пер.
d Цена 2 р. 40 к.
9 Тираж 100 000 экз.
100 Данные общей обработки __
a Данные общей обработки 20201022d2020 ||| 0rusy0189 ca
101 Язык документа 0_
a Язык текста rus
102 Страна публикации __
a Страна публикации RU
105 Кодированные данные (монография) __
a Кодированные данные (монография) y###||||000|y
181 Поле кодированных данных: вид содержания _1
a Код вида содержания (ISBD) i#
b Код характеристики содержания (ISBD) #xxe##
d i
g x
h x
i e
2 Код системы (источник кода, отличный от ISBD) isbdcontent
182 Поле кодированных данных: тип средства _1
a Код типа средства (ISBD) n
2 Код системы (источник кода, отличный от ISBD) isbdmedia
200 Заглавие и сведения об ответственности 1_
a Заглавие Маршрут
b Общее обозначение материала Текст
e Сведения, относящиеся к заглавию Повести и рассказы
e Сведения, относящиеся к заглавию пер. с коми
f Первые сведения об ответственности Г. А. Юшков
w Текст (визуальный) : непосредственный
203 Вид содержания и тип средства __
a Вид содержания Текст
b Характеристика содержания визуальный
c Тип средства непосредственный
210 Выходные данные 1_
a Место издания Москва
c Издательство Современник
d Дата издания 1986
215 Физическое описание __
a Объем 540, [1] с.
c Иллюстрации/тип воспроизводства ил.
d Формат 21 см.
300 Общие примечания __
a Общие примечания Под инв. номером 19040: Цс-1
333 Примечание о целевом назначении __
a Примечание о целевом назначении 16+
606 Тематические рубрики 0_
a Основная рубрика Литература народов Коми, 20-21 вв. - Проза
610 Ключевые слова 0_
a Ключевые слова сборники
a Ключевые слова повести
a Ключевые слова рассказы
a Ключевые слова геологи
a Ключевые слова работники леса
a Ключевые слова охотоведы
686 Индексы других классификаций __
a Классификационный индекс 84(2Рос=Ком)
2 Код системы rubbk
700 Автор _0
a Фамилия Юшков
b Имя (инициалы) Геннадий Анатольевич
g Полное личное имя Г. А.
801 Источник записи _0
a Страна RU
b Организация МБУК ЦБС
c Дата составления 20201022
g Правила каталогизации RCR
801 Источник записи _1
a Страна RU
b Организация МБУК ЦБС г. Ульяновска
c Дата составления 20201022
g Правила каталогизации RCR
899 Данные о местонахождении __
i Авторский знак Ю 96
j Расстановочный фильтр Р6=Коми
901 Тип документа __
t Тип документа m
910 Корректоры записи __
a Корректор записи Тургенева